LEADER 01653nam a2200349 a 4500 001 000000123796 003 CaOOAMICUS 005 20101125142801.0 008 101125t2004 it u000 u ita r 020 $z88-8422-294-X* 040 $aPUL$bita 082 04$a342.450852 100 1 $aLo Giacco, Maria Luisa.$0(OLS)http://pul/name/78060 245 13$aLe competenze delle Regioni in materia ecclesiastica /$cMaria Luisa Lo Giacco. 260 $aBari :$bCacucci,$c2004. 300 $a158 p. ;$c24 cm 490 1 $aProfili di innovazione ;$v11 504 $aBibliografia p. 141-158. 650 4$aDiritto ecclesiastico$zItalia.$0(OLS)http://pul/subject/2957 650 4$aRegioni$xDiritto e legislazione.$0(OLS)http://pul/subject/17878 830 0$aProfili di innovazione ;$v11.$0(OLS)http://pul/title/156044 850 $aPUL 852 $aPUL$W1$xSL Diritto e Scienze Sociali 3$y79$m342. 450852 LOGMA 1$j142614$qDDC 21$B141578$CPULBib$Z2$F141578 $H111206 $82 852 $aPUL$W1$xDP1 Fondo G. Barberini$y122$m3 D 26$j166405$b2 copia$qFondi$B179156$CPULBib$Z2$F179156 $HBar1304 $82 852 $aPUL$W1$xDP1 Fondo G. Barberini$y122$m3 F 37$j166606$b3 copia$qFondi$B179370$CPULBib$Z2$F179370 $HBar1643 $82 941 1 $a9 941 1 $a1 996 $6020$z88-8422-294-X*$9(OLS)http://pul/number/145975 996 $6082$a342.450852$9(OLS)http://pul/classification/1766 996 $6245$aLe competenze delle Regioni in materia ecclesiastica$9(OLS)http://pul/title/156043 996 $6260$aBari :$bCacucci$9(OLS)http://pul/publisher/60235 LEADER 01089nam a2200253 a 4500 001 000000154657 003 CaOOAMICUS 005 20161005102223.0 008 161005s1968 pl abf u000 u pol r 032 $aLibriCat 040 $aPUL$bita 100 1 $aDowiat, Jerzy.$0(OLS)http://pul/name/98461 245 10$aHistoria Ko?cio?a Katolickiego w Polsce :$b(do po?owy XV w) /$cJerzy Dowiat. 260 $aWarszawa :$bWiedza Poweszechna,$cİ1968. 300 $a238 p. :$bc. geogr., ill., tav. ;$c21 cm. 490 1 $aBiblioteka Wiedzy Historycznej 651 4$aPolonia$xStoria ecclesiastica.$0(OLS)http://pul/subject/3145 830 0$aBiblioteka Wiedzy Historycznej.$0(OLS)http://pul/title/194278 850 $aPUL 852 $aPUL$W1$xDP1 Fondo G. Barberini$y122$m9 A 79$j177662$qFondi$B180710$CPULBib$Z2$F180710 $HBar36 $81 941 1 $a1 996 $6245$aHistoria Ko?cio?a Katolickiego w Polsce :$b(do po?owy XV w)$9(OLS)http://pul/title/194277 996 $6260$aWarszawa :$bWiedza Poweszechna$9(OLS)http://pul/publisher/67882